000
00317nam a2200133Ia 4500
008
220204s9999 xx 000 0 und d
082
_a
801
_b
SMA
100
_a
Lang, D R
245
0
_a
Smart's handbook of effective writing
250
_a
Ed.3
260
_a
Bombay
_b
Jaico
_c
1966
700
_a
Smart, W K
942
_c
BK
999
_c
22929
_d
22929